Practical language testing / (رقم التسجيلة. 26609)
[ عرض عادي ]
| 000 -الفاتح | |
|---|---|
| حقل البيانات ثابتة الطول | 00890cam a2200277 a 4500 |
| 001 - رقم الضبط | |
| رقم الضبط | 16489581 |
| 003 - محدد رقم الضبط | |
| رقم الضبط | OSt |
| 005 - وقت وتاريخ اخر تعامل مع التسجيلة | |
| رقم الضبط | 20150408114106.0 |
| 008 - عناصر البيانات ثابتة الطول - معلومات عامة | |
| حقل البيانات ثابتة الطول | 101005s2010 enka 001 0 eng |
| 010 ## - رقم ضبط مكتبة الكونجرس | |
| رقم ضبط مكتبة الكونجرس | 2010502625 |
| 020 ## - الرقم الدولى المعيارى للكتب | |
| الرقم الدولى المعيارى للكتاب | 9780340984482 (pbk.) |
| 020 ## - الرقم الدولى المعيارى للكتب | |
| الرقم الدولى المعيارى للكتاب | 0340984481 (pbk.) |
| 040 ## - مصدر الفهرسة | |
| وكالة الفهرسة الأصلية | DLC |
| وكالة النسخ | DLC |
| وكالة التعديل | DLC |
| 042 ## - رمز التحقق | |
| رمز التحقق | pcc |
| 050 00 - رقم طلب مكتبة الكونجرس | |
| رقم التصنيف | P53.4 |
| رقم المادة | .F88 2010 |
| 082 00 - رقم تصنيف ديوى العشرى | |
| رقم التصنيف | 402.8/7 |
| رقم الطبعة | 23 |
| رقم المادة | FGP |
| 100 1# - المدخل الرئيسى - إسم شخصى | |
| الإسم الشخصى | Fulcher, Glenn. |
| 9 (RLIN) | 18916 |
| 245 10 - بيان العنوان | |
| العنوان | Practical language testing / |
| بيان المسئوليه,etc | Glenn Fulcher. |
| 260 ## - PUBLICATION, DISTRIBUTION, ETC. (IMPRINT) | |
| مكان الناشر او الموزع | London : |
| اسم الناشر او الموزع | Hodder Education, |
| تاريخ النشر أو التوزيع | 2010. |
| 300 ## - الوصف المادى | |
| التعداد | xvi, 352 p. : |
| تفاصيل ماديه اخرى للوعاء | ill. ; |
| أبعاد الوعاء | 24 cm. |
| 504 ## - تبصرة ببليوجرافية | |
| تبصرة ببليوجرافية,الخ | Includes bibliographical references (p. [325]-342) and index. |
| 650 #0 - المدخل الاضافى بالموضوع-مصطلح موضوعى | |
| مصطلح موضوعي أو اسم جغرافي كعنصر مدخل | Language and languages |
| التقسيم الفرعي العام | Ability testing. |
| 9 (RLIN) | 18642 |
| 906 ## - عنصر بيانات محلى F, LDF (RLIN) | |
| a | 7 |
| b | cbc |
| c | origres |
| d | 2 |
| e | ncip |
| f | 20 |
| g | y-gencatlg |
| 942 ## - عناصر المدخل الإضافي( كوها) | |
| مصدر التصنيف او مخطط الترفيف | Dewey Decimal Classification |
| Koha [default] item type | DVD |
| حالة الفقد | نموذج السعر الفعال | حالة تلف | ليس للاعارة | رقم الطلب | تاريخ الاكتساب | الموقع الحالي | الباركود | الفرع الرئيسي | Date last seen | نوع المادة فى نظام كوها | مصدر التصنيف او خطة الترفيف | Total Checkouts | Total Renewals | Date last checked out |
|---|---|---|---|---|---|---|---|---|---|---|---|---|---|---|
| 2013-03-10 | 402.8/7 FGP | 2012-12-27 | المكتبة المركزية بالمجمعة (CL) | 00400621 | المكتبة المركزية بالمجمعة (CL) | 2013-03-10 | كتاب | Dewey Decimal Classification | ||||||
| 2013-03-10 | 402.8/7 FGP | 2012-12-27 | المكتبة المركزية بالمجمعة (CL) | 00400622 | المكتبة المركزية بالمجمعة (CL) | 2013-03-10 | كتاب | Dewey Decimal Classification | ||||||
| 2013-03-10 | 402.8/7 FGP | 2012-12-27 | المكتبة المركزية بالمجمعة (CL) | 00400623 | المكتبة المركزية بالمجمعة (CL) | 2024-10-10 | كتاب | Dewey Decimal Classification | 1 | 1 | 2022-09-08 |
